Gaming Quiz

Random Gaming or Video Games Quiz

'F' SNES Games Quiz Stats

 Plays Quiz not verified by Sporcle

Score 0/38 Timer 10:00
0 Plays Today
% Correct
F-Zero
76.7%
Final Fantasy II
60%
Final Fantasy III
56.7%
Final Fight
46.7%
Final Fight 2
46.7%
Final Fight 3
43.3%
Frogger
40%
Family Feud
33.3%
FIFA Soccer 96
33.3%
Fatal Fury: King of Fighters
30%
Fatal Fury 2
30%
FIFA 97: Gold Edition
30%
Fighter's History
30%
Final Fight Guy
30%
F1 Pole Position
26.7%
Final Fantasy Mystic Quest
26.7%
Faceball 2000
23.3%
Family Dog
23.3%
FIFA International Soccer
23.3%
% Correct
FIFA: Road to World Cup 98
23.3%
Flashback: The Quest for Identity
23.3%
The Flintstones
23.3%
The Firemen
20%
Firestriker
20%
F1 Pole Position 2
16.7%
F1 ROC: Race of Champions
16.7%
F1 ROC II: Race of Champions
16.7%
Fatal Fury Special
16.7%
The Flintstones: The Treasure of Sierra Madrock
16.7%
Football Fury
16.7%
Foreman For Real
16.7%
Fun 'n Games
16.7%
F1 World Championship Edition
13.3%
Firepower 2000
13.3%
First Samurai
13.3%
Frantic Flea
13.3%
Full Throttle: All-American Racing
13.3%
Frank Thomas' Big Hurt Baseball
10%

You're not logged in!

Compare scores with friends on all Sporcle quizzes.
OR
Log In

Show Comments

Extras

Top Quizzes Today


Score Distribution

Your Account Isn't Verified!

In order to create a playlist on Sporcle, you need to verify the email address you used during registration. Go to your Sporcle Settings to finish the process.

Report this User

Report this user for behavior that violates our Community Guidelines.

Details: